| 000 | 00765nam a2200181Ia 4500 | ||
|---|---|---|---|
| 008 | 100921s9999 xx 000 0 und d | ||
| 082 |
_b34960 _a923.6 न 01 |
||
| 100 | _aपाडगावकर चंद्रकांत. | ||
| 245 | _aप्रकाशयात्री जयप्रकाश. | ||
| 260 |
_bकाँन्टीनेंटल बुक सर्व्हीस,पुणे. _c2001 |
||
| 300 |
_a78 _b--- |
||
| 365 | _b15 | ||
| 520 | _aचरित्रे-समाजसुधारक. | ||
| 630 | _aप्रकाशयात्री जयप्रकाश. | ||
| 650 | _aचरित्रे-समाजसुधारक. | ||
| 730 | _aप्रकाशयात्री जयप्रकाश. | ||
| 942 | _cBOOK | ||
| 999 |
_c784073 _d784070 |
||